Länder Südamerikas nach Bevölkerung (beliebige Reihenfolge) - Statistiken

Allgemein
  • Dieses Quiz wurde 6 mal gespielt
  • Das Durchschnittsergebnis liegt bei 8 aus 12
Antwortstatistiken
Hint Antwort % Korrekt
46.200.000 Argentinien
83%
12.200.000 Bolivien
83%
214.800.000 Brasilien
83%
19.800.00 Chile
83%
6.800.000 Paraguay
83%
33.400.000 Peru
83%
600.000 Suriname
83%
28.300.000 Venezuela
83%
18.000.000 Ecuador
67%
49.100.000 Kolumbien
67%
17.800.000 Guatemala
0%
6.700.000 Nicaragua
0%
Keine übereinstimmenden Quizze gefunden
Verteilung der Resultate
Anzahl Personen mit jedem Resultat
Perzentil nach korrekt beantworteten Fragen
Ihre Resultats-Entwicklung
Sie haben dieses Quiz noch nicht gespielt